europäische Länder, die mit "d" enden - Statistiken

Allgemein
  • Dieses Quiz wurde 110 mal gespielt
  • Das Durchschnittsergebnis liegt bei 7 aus 8
Antwortstatistiken
Hint Antwort % Korrekt
82.100.000 Deutschland
99%
104.000.000 Russland
97%
1.300.000 Estland
89%
1.900.000 Lettland
89%
5.500.000 Finnland
86%
11.200.000 Griechenland
85%
300.000 Island
85%
4.800.000 Irland
84%
Keine übereinstimmenden Quizze gefunden
Verteilung der Resultate
Anzahl Personen mit jedem Resultat
Perzentil nach korrekt beantworteten Fragen
Ihre Resultats-Entwicklung
Sie haben dieses Quiz noch nicht gespielt